[Event "Commonwealth Championship 3rd"]
[Site "Docklands, London"]
[Date "1985.02.24"]
[Round "9"]
[White "Short, Nigel D"]
[Black "Littlewood, Paul E"]
[Result "1-0"]
[WhiteElo "2535"]
[BlackElo "2445"]
[PlyCount "175"]
[EventDate "1985.02.16"]
[EventType "swiss"]
[EventRounds "11"]
[EventCountry "ENG"]
[SourceTitle "BritBase"]
[Source "John Saunders"]
[SourceDate "2022.12.30"]
[SourceVersion "1"]
[SourceVersionDate "2022.12.30"]
[SourceQuality "1"]

1. e4 e5 2. Nf3 Nc6 3. Bb5 a6 4. Ba4 Nf6 5. O-O Be7 6. Re1 b5 7. Bb3 d6 8. a4
Bb7 9. c3 O-O 10. d4 h6 11. Nbd2 Re8 12. d5 Nb8 13. Qe2 Qd7 14. c4 c6 15. dxc6
Nxc6 16. axb5 axb5 17. Rxa8 Rxa8 18. cxb5 Na7 19. Bc4 Nc8 20. Bd3 Nb6 21. Nb1
Qe6 22. Nc3 Nfd7 23. Be3 Qb3 24. Rb1 Qb4 25. Ne1 Bd8 26. Nc2 Qb3 27. Bxb6 Nxb6
28. Ne3 Qb4 29. g3 Bg5 30. Nc2 Qc5 31. h4 Bd8 32. Ne3 g6 33. h5 Kg7 34. hxg6
fxg6 35. Rd1 Rc8 36. Bb1 Bg5 37. Ned5 Nxd5 38. exd5 Qc4 39. Qc2 e4 40. Qxe4
Qxe4 41. Nxe4 Be7 42. Ba2 Rc2 43. Rd2 Rc1+ 44. Kg2 Bc8 45. Rd4 Bf5 46. b6 Rc8
47. Rb4 Rb8 48. Nc3 Bd8 49. b7 Bd3 50. Bc4 Ba5 51. Rb5 Bxc4 52. Rxa5 Rxb7 53.
Ra4 Bd3 54. Rd4 Bf5 55. b4 Bd7 56. Nd1 Kf6 57. f4 g5 58. Ne3 gxf4 59. Rxf4+ Ke5
60. Kf3 h5 61. Re4+ Kf6 62. Kf4 Rb5 63. Rd4 Rb8 64. Nd1 Rh8 65. Nf2 h4 66. g4
h3 67. Rd1 h2 68. Rh1 Rb8 69. Ne4+ Kg7 70. Rxh2 Rxb4 71. Ra2 Kg6 72. Ra8 Kf7
73. Ra7 Ke8 74. g5 Ba4 75. Ke3 Bc2 76. Nxd6+ Kf8 77. Rf7+ Kg8 78. Rc7 Bg6 79.
Nc4 Bf7 80. d6 Be6 81. Kd4 Rb5 82. Re7 Bh3 83. Ne5 Rb1 84. d7 Rd1+ 85. Nd3 Bxd7
86. Rxd7 Rg1 87. Rd5 Kg7 88. Nf4 1-0

[Event "Commonwealth Championship 3rd"]
[Site "Docklands, London"]
[Date "1985.02.24"]
[Round "9"]
[White "Spraggett, Kevin"]
[Black "Thipsay, Praveen Mahadeo"]
[Result "1/2-1/2"]
[WhiteElo "2560"]
[BlackElo "2460"]
[PlyCount "36"]
[EventDate "1985.02.16"]
[EventType "swiss"]
[EventRounds "11"]
[EventCountry "ENG"]
[SourceTitle "BritBase"]
[Source "John Saunders"]
[SourceDate "2022.12.30"]
[SourceVersion "1"]
[SourceVersionDate "2022.12.30"]
[SourceQuality "1"]

1. c4 g6 2. Nf3 Bg7 3. d4 Nf6 4. Nc3 O-O 5. e4 d6 6. Be2 e5 7. Be3 h6 8. dxe5
Ng4 9. Bd2 Nxe5 10. Nxe5 dxe5 11. h4 Nc6 12. h5 g5 13. O-O Nd4 14. Nd5 Be6 15.
Ne3 Qd7 16. Bg4 Rad8 17. Bb4 Rfe8 18. Bxe6 fxe6 1/2-1/2

[Event "Commonwealth Championship 3rd"]
[Site "Docklands, London"]
[Date "1985.02.25"]
[Round "10"]
[White "Ady, Jonathan James"]
[Black "Lalic, Susan Kathryn"]
[Result "1-0"]
[WhiteElo "2305"]
[BlackElo "2010"]
[PlyCount "49"]
[EventDate "1985.02.16"]
[EventType "swiss"]
[EventRounds "11"]
[EventCountry "ENG"]
[SourceTitle "BritBase"]
[Source "John Saunders"]
[SourceDate "2022.12.30"]
[SourceVersion "1"]
[SourceVersionDate "2022.12.30"]
[SourceQuality "1"]

1. e4 e6 2. d4 d5 3. Nc3 dxe4 4. Nxe4 Nd7 5. Nf3 Ngf6 6. Nxf6+ Nxf6 7. Bd3 Be7
8. Qe2 O-O 9. Bg5 Nd5 10. h4 c5 11. dxc5 Qa5+ 12. c3 Qxc5 13. Bxe7 Qxe7 14.
O-O-O Bd7 15. Bxh7+ Kxh7 16. Rxd5 Bc6 17. Ng5+ Kg6 18. Re5 Rfe8 19. Qd3+ f5 20.
Rxe6+ Qxe6 21. Nxe6 Rxe6 22. g4 Rf8 23. gxf5+ Rxf5 24. Rg1+ Kf6 25. Qd4+ 1-0

[Event "Commonwealth Championship 3rd"]
[Site "Docklands, London"]
[Date "1985.02.25"]
[Round "10"]
[White "Bellin, Robert"]
[Black "King, Daniel J"]
[Result "1/2-1/2"]
[WhiteElo "2390"]
[BlackElo "2425"]
[PlyCount "126"]
[EventDate "1985.02.16"]
[EventType "swiss"]
[EventRounds "11"]
[EventCountry "ENG"]
[SourceTitle "BritBase"]
[Source "John Saunders"]
[SourceDate "2022.12.30"]
[SourceVersion "1"]
[SourceVersionDate "2022.12.30"]
[SourceQuality "1"]

1. e4 c5 2. Nf3 d6 3. d4 cxd4 4. Nxd4 Nf6 5. Nc3 a6 6. Bc4 e6 7. Bb3 b5 8. O-O
Be7 9. Qf3 Qc7 10. Qg3 O-O 11. a3 Kh8 12. Bg5 Bd7 13. Rad1 Nc6 14. Nde2 Na5 15.
Rd3 Bc6 16. Qh4 Ng8 17. Bxe7 Nxe7 18. Rh3 h6 19. Nf4 Nxb3 20. cxb3 Ng8 21. Nh5
Qe7 22. Qg3 g6 23. Nf4 Kg7 24. Qe3 a5 25. Nd3 e5 26. b4 a4 27. f4 exf4 28. Rxf4
Qa7 29. e5 Rfe8 30. Qxa7 Rxa7 31. exd6 Rd7 32. Rd4 Re6 33. Nc5 Rexd6 34. Rxd6
Rxd6 35. Rd3 Rxd3 36. Nxd3 Kf6 37. Kf2 Ne7 38. g3 h5 39. Nc5 Nf5 40. b3 axb3
41. Nxb3 Ke5 42. Ne2 Nd6 43. Nd2 g5 44. Ke3 f6 45. Nd4 Bd7 46. Kd3 Be8 47.
N4f3+ Kd5 48. Nd4 h4 49. gxh4 gxh4 50. Ne2 Bg6+ 51. Ke3 Nc4+ 52. Nxc4 Kxc4 53.
Nf4 Bh7 54. Ng2 h3 55. Nf4 Bf5 56. Nh5 Kb3 57. Kd4 Kxa3 58. Kc5 Bd3 59. Nxf6
Kb3 60. Nd5 Kc2 61. Nf4 Bf1 62. Nxh3 Bxh3 63. Kxb5 Kb3 1/2-1/2

[Event "Commonwealth Championship 3rd"]
[Site "Docklands, London"]
[Date "1985.02.25"]
[Round "10"]
[White "Carr, Neil L"]
[Black "Jackson, Sheila"]
[Result "1-0"]
[WhiteElo "2325"]
[BlackElo "2235"]
[PlyCount "79"]
[EventDate "1985.02.16"]
[EventType "swiss"]
[EventRounds "11"]
[EventCountry "ENG"]
[SourceTitle "BritBase"]
[Source "John Saunders"]
[SourceDate "2022.12.30"]
[SourceVersion "1"]
[SourceVersionDate "2022.12.30"]
[SourceQuality "1"]

1. e4 e5 2. Nf3 Nc6 3. Nc3 Nf6 4. Bb5 d6 5. d4 exd4 6. Nxd4 Bd7 7. Nxc6 bxc6 8.
Bd3 Be7 9. O-O O-O 10. f4 d5 11. Kh1 Bb4 12. e5 Ng4 13. Qe1 f5 14. h3 Nh6 15.
a3 Be7 16. Be3 Be6 17. Qf2 a5 18. b3 Kh8 19. Ne2 Bc8 20. Bc5 Ba6 21. Bxa6 Rxa6
22. Rad1 Qe8 23. Rd3 Ng8 24. Rc3 Bxc5 25. Rxc5 Ne7 26. Nd4 Qd7 27. Qe3 Kg8 28.
Rf3 g6 29. Qe2 Rfa8 30. Rfc3 Rb6 31. Qf2 Rba6 32. Qh4 Rf8 33. Kh2 Kg7 34. b4
axb4 35. axb4 Rb6 36. b5 Kg8 37. bxc6 Qe8 38. Ne6 Rf7 39. Nxc7 Qc8 40. Nxd5 1-0

[Event "Commonwealth Championship 3rd"]
[Site "Docklands, London"]
[Date "1985.02.25"]
[Round "10"]
[White "Gallagher, Joseph G"]
[Black "Vaidya, Arun Bhaskar"]
[Result "1/2-1/2"]
[WhiteElo "2370"]
[BlackElo "2310"]
[PlyCount "33"]
[EventDate "1985.02.16"]
[EventType "swiss"]
[EventRounds "11"]
[EventCountry "ENG"]
[SourceTitle "BritBase"]
[Source "John Saunders"]
[SourceDate "2022.12.30"]
[SourceVersion "1"]
[SourceVersionDate "2022.12.30"]
[SourceQuality "1"]

1. d4 Nf6 2. c4 e6 3. Nf3 d5 4. g3 c6 5. Bg2 Bd6 6. O-O O-O 7. Qc2 Nbd7 8. Nbd2
b6 9. e4 Nxe4 10. Nxe4 dxe4 11. Qxe4 Bb7 12. Ne5 Rc8 13. Bf4 Qc7 14. Rfe1 Ba8
15. Qe2 Nxe5 16. dxe5 Be7 17. Rad1 1/2-1/2

[Event "Commonwealth Championship 3rd"]
[Site "Docklands, London"]
[Date "1985.02.25"]
[Round "10"]
[White "Hanreck, Alan E"]
[Black "Knott, Simon JB"]
[Result "1/2-1/2"]
[WhiteElo "2275"]
[BlackElo "2260"]
[PlyCount "55"]
[EventDate "1985.02.16"]
[EventType "swiss"]
[EventRounds "11"]
[EventCountry "ENG"]
[SourceTitle "BritBase"]
[Source "John Saunders"]
[SourceDate "2022.12.30"]
[SourceVersion "1"]
[SourceVersionDate "2022.12.30"]
[SourceQuality "1"]

1. Nf3 Nf6 2. d4 g6 3. Bf4 Bg7 4. e3 O-O 5. h3 Nc6 6. Nbd2 d6 7. Bh2 Re8 8. c3
e5 9. dxe5 dxe5 10. Bb5 Nd5 11. O-O f6 12. Nb3 Nb6 13. Qc2 Qe7 14. e4 a5 15. a4
Be6 16. Nfd2 Red8 17. Bg3 Bh6 18. Rfd1 Na7 19. Be2 Nac8 20. f3 c5 21. Nf1 Rxd1
22. Qxd1 Nc4 23. Bf2 b6 24. Qc2 Ra7 25. Rd1 Rd7 26. Nc1 Rxd1 27. Bxd1 Qd7 28.
Nd3 1/2-1/2

[Event "Commonwealth Championship 3rd"]
[Site "Docklands, London"]
[Date "1985.02.25"]
[Round "10"]
[White "Johansen, Darryl Keith"]
[Black "Martin, Andrew D"]
[Result "1/2-1/2"]
[WhiteElo "2425"]
[BlackElo "2425"]
[PlyCount "29"]
[EventDate "1985.02.16"]
[EventType "swiss"]
[EventRounds "11"]
[EventCountry "ENG"]
[SourceTitle "BritBase"]
[Source "John Saunders"]
[SourceDate "2022.12.30"]
[SourceVersion "1"]
[SourceVersionDate "2022.12.30"]
[SourceQuality "1"]

1. d4 e6 2. Nf3 Nf6 3. Bg5 c5 4. e3 Be7 5. Nbd2 b6 6. Bd3 Bb7 7. O-O Nc6 8. c3
cxd4 9. exd4 O-O 10. Re1 Nd5 11. Bxe7 Ncxe7 12. Ne4 Qc7 13. Bf1 f5 14. Ned2 Nf6
15. Ne5 1/2-1/2

[Event "Commonwealth Championship 3rd"]
[Site "Docklands, London"]
[Date "1985.02.25"]
[Round "10"]
[White "Murshed, Niaz"]
[Black "Orr, Mark JL"]
[Result "1-0"]
[WhiteElo "2415"]
[BlackElo "2320"]
[PlyCount "99"]
[EventDate "1985.02.16"]
[EventType "swiss"]
[EventRounds "11"]
[EventCountry "ENG"]
[SourceTitle "BritBase"]
[Source "John Saunders"]
[SourceDate "2022.12.30"]
[SourceVersion "1"]
[SourceVersionDate "2022.12.30"]
[SourceQuality "1"]

1. d4 Nf6 2. Nf3 d5 3. c4 e6 4. Nc3 Nbd7 5. Bg5 Be7 6. e3 O-O 7. Rc1 c6 8. Bd3
a6 9. O-O dxc4 10. Bxc4 b5 11. Bd3 c5 12. Bb1 Bb7 13. dxc5 Nxc5 14. Qc2 Nce4
15. Rfd1 Qb6 16. h4 Rac8 17. Qe2 Nxc3 18. Rxc3 Rxc3 19. bxc3 Qc7 20. Rc1 e5 21.
c4 Rc8 22. c5 e4 23. Nd4 Qd7 24. Nb3 Bd5 25. Rd1 Qc6 26. Bxf6 Bxf6 27. Qg4 Qe6
28. Qh5 Rd8 29. Nd4 Bxd4 30. Rxd4 f5 31. Qd1 Rd7 32. Bc2 Kf8 33. Qd2 Ke7 34.
Bb3 Bxb3 35. axb3 Rxd4 36. Qxd4 a5 37. Qxg7+ Kd8 38. Qh8+ Kc7 39. Qxh7+ Kc6 40.
Qa7 Qxb3 41. Qb6+ Kd7 42. Qd6+ Ke8 43. c6 Qb1+ 44. Kh2 Qd3 45. Qb8+ Ke7 46. c7
Qd6+ 47. g3 Qd2 48. Kg2 Qd1 49. c8=Q Qf3+ 50. Kg1 1-0

[Event "Commonwealth Championship 3rd"]
[Site "Docklands, London"]
[Date "1985.02.25"]
[Round "10"]
[White "Nicholson, John G"]
[Black "Granat, Russell"]
[Result "0-1"]
[WhiteElo "2310"]
[BlackElo "2245"]
[PlyCount "82"]
[EventDate "1985.02.16"]
[EventType "swiss"]
[EventRounds "11"]
[EventCountry "ENG"]
[SourceTitle "BritBase"]
[Source "John Saunders"]
[SourceDate "2022.12.30"]
[SourceVersion "1"]
[SourceVersionDate "2022.12.30"]
[SourceQuality "1"]

1. e4 Nc6 2. Nf3 e5 3. Bb5 a6 4. Ba4 d6 5. Bxc6+ bxc6 6. d4 exd4 7. Qxd4 c5 8.
Qd3 Be7 9. Nc3 Nf6 10. Bf4 O-O 11. O-O-O Bb7 12. e5 Ng4 13. Qe2 Qd7 14. Kb1 Qf5
15. exd6 Bf6 16. Bg3 Bxc3 17. bxc3 cxd6 18. Nh4 Qe6 19. Rhe1 Bd5 20. Qxe6 fxe6
21. c4 Bxc4 22. Re4 d5 23. Rxe6 Nxf2 24. Bxf2 Rab8+ 25. Kc1 Rxf2 26. Rde1 Bxa2
27. R6e2 Rxe2 28. Rxe2 d4 29. Re7 c4 30. Kd2 Rb2 31. Nf5 d3 32. Re8+ Kf7 33.
Nd6+ Kg6 34. Re6+ Kh5 35. Re5+ g5 36. Ne4 Rxc2+ 37. Ke3 Rxg2 38. Kf3 d2 39. Rd5
c3 40. Rd6 c2 41. Ng3+ Rxg3+ 0-1

[Event "Commonwealth Championship 3rd"]
[Site "Docklands, London"]
[Date "1985.02.25"]
[Round "10"]
[White "Norwood, David"]
[Black "Davies, Nigel Rodney"]
[Result "1-0"]
[WhiteElo "2335"]
[BlackElo "2355"]
[PlyCount "83"]
[EventDate "1985.02.16"]
[EventType "swiss"]
[EventRounds "11"]
[EventCountry "ENG"]
[SourceTitle "BritBase"]
[Source "John Saunders"]
[SourceDate "2022.12.30"]
[SourceVersion "1"]
[SourceVersionDate "2022.12.30"]
[SourceQuality "1"]

1. e4 c5 2. Nc3 Nc6 3. g3 g6 4. Bg2 Bg7 5. d3 d6 6. Be3 e6 7. f4 Nge7 8. Nf3
Nd4 9. O-O O-O 10. g4 f5 11. h3 Bd7 12. Qd2 Bc6 13. Qf2 Nxf3+ 14. Bxf3 Qd7 15.
Rad1 Rae8 16. d4 fxe4 17. Nxe4 cxd4 18. Bxd4 e5 19. Bxa7 Rxf4 20. Rxd6 Qc7 21.
Qc5 Nc8 22. Qc4+ Kh8 23. Rxc6 bxc6 24. Be3 Nd6 25. Qa4 Nxe4 26. Bxe4 Rxf1+ 27.
Kxf1 Rf8+ 28. Kg2 Rc8 29. Qc4 Qd8 30. a4 Bf6 31. Qe6 Rb8 32. a5 Bg7 33. a6 Qd1
34. Qc4 Rf8 35. Qd3 Qe1 36. Bc5 Ra8 37. Bxc6 e4 38. Bxe4 Re8 39. a7 Rxe4 40.
a8=Q+ Re8 41. Qaf3 Re2+ 42. Qfxe2 1-0

[Event "Commonwealth Championship 3rd"]
[Site "Docklands, London"]
[Date "1985.02.25"]
[Round "10"]
[White "Nunn, John DM"]
[Black "Chandler, Murray G"]
[Result "1-0"]
[WhiteElo "2615"]
[BlackElo "2585"]
[PlyCount "43"]
[EventDate "1985.02.16"]
[EventType "swiss"]
[EventRounds "11"]
[EventCountry "ENG"]
[SourceTitle "BritBase"]
[Source "John Saunders"]
[SourceDate "2022.12.30"]
[SourceVersion "1"]
[SourceVersionDate "2022.12.30"]
[SourceQuality "1"]

1. e4 c5 2. Nf3 d6 3. d4 cxd4 4. Nxd4 Nf6 5. Nc3 a6 6. Bg5 e6 7. f4 Qc7 8. Qf3
b5 9. f5 Nc6 10. Nxc6 Qxc6 11. Bxf6 gxf6 12. Bd3 Bg7 13. fxe6 fxe6 14. Qh5+ Kd8
15. e5 Qc5 16. O-O-O Qxe5 17. Qf3 Rb8 18. Rhe1 Qxh2 19. Kb1 Bd7 20. g3 Qh6 21.
Rh1 Qg5 22. Rh5 1-0

[Event "Commonwealth Championship 3rd"]
[Site "Docklands, London"]
[Date "1985.02.25"]
[Round "10"]
[White "Spraggett, Kevin"]
[Black "Short, Nigel D"]
[Result "1/2-1/2"]
[WhiteElo "2560"]
[BlackElo "2535"]
[PlyCount "37"]
[EventDate "1985.02.16"]
[EventType "swiss"]
[EventRounds "11"]
[EventCountry "ENG"]
[SourceTitle "BritBase"]
[Source "John Saunders"]
[SourceDate "2022.12.30"]
[SourceVersion "1"]
[SourceVersionDate "2022.12.30"]
[SourceQuality "1"]

1. e4 e6 2. d4 d5 3. e5 b6 4. c3 Ne7 5. Bb5+ c6 6. Ba4 Ba6 7. Ne2 Qc7 8. Nd2
Nd7 9. Nf3 h6 10. O-O O-O-O 11. Re1 Kb8 12. Bc2 c5 13. dxc5 bxc5 14. b4 Ka8 15.
a4 g5 16. bxc5 Nxc5 17. Ned4 g4 18. Nh4 Rg8 19. Bh7 1/2-1/2

[Event "Commonwealth Championship 3rd"]
[Site "Docklands, London"]
[Date "1985.02.25"]
[Round "10"]
[White "Thipsay, Praveen Mahadeo"]
[Black "Littlewood, Paul E"]
[Result "1-0"]
[WhiteElo "2470"]
[BlackElo "2445"]
[PlyCount "91"]
[EventDate "1985.02.16"]
[EventType "swiss"]
[EventRounds "11"]
[EventCountry "ENG"]
[SourceTitle "BritBase"]
[Source "John Saunders"]
[SourceDate "2022.12.30"]
[SourceVersion "1"]
[SourceVersionDate "2022.12.30"]
[SourceQuality "1"]

1. e4 e5 2. Nf3 Nc6 3. Bb5 a6 4. Ba4 Nf6 5. O-O Be7 6. Re1 b5 7. Bb3 d6 8. c3
O-O 9. h3 Na5 10. Bc2 c5 11. d4 cxd4 12. cxd4 Bb7 13. Nbd2 Rc8 14. d5 Qc7 15.
Bb1 Nh5 16. Nf1 Nf4 17. Kh2 Bd8 18. Ne3 Nc4 19. a4 b4 20. Nxc4 Qxc4 21. g3 Ng6
22. Bd3 Qc7 23. a5 Rb8 24. Qe2 Qd7 25. Bxa6 Bxa6 26. Qxa6 f5 27. Qd3 fxe4 28.
Qxe4 Ra8 29. a6 Bb6 30. Be3 Qb5 31. Kg2 Rfb8 32. Ng5 Bxe3 33. Rxe3 Rxa6 34.
Rxa6 Qxa6 35. Rf3 Qb5 36. Ne6 Qd7 37. h4 Qe7 38. h5 Nh8 39. Qg4 b3 40. h6 g6
41. Ng5 Re8 42. Qe6+ Qxe6 43. dxe6 d5 44. Rxb3 d4 45. Rb7 d3 46. Rg7+ 1-0

[Event "Commonwealth Championship 3rd"]
[Site "Docklands, London"]
[Date "1985.02.25"]
[Round "10"]
[White "Watson, William N"]
[Black "Barber, Haydn"]
[Result "1/2-1/2"]
[WhiteElo "2460"]
[BlackElo "2270"]
[PlyCount "62"]
[EventDate "1985.02.16"]
[EventType "swiss"]
[EventRounds "11"]
[EventCountry "ENG"]
[SourceTitle "BritBase"]
[Source "John Saunders"]
[SourceDate "2022.12.30"]
[SourceVersion "1"]
[SourceVersionDate "2022.12.30"]
[SourceQuality "1"]

1. e4 c5 2. Nc3 Nc6 3. Nf3 d6 4. d4 cxd4 5. Nxd4 Nf6 6. Bc4 e6 7. Be3 Be7 8.
Qe2 Qc7 9. O-O-O a6 10. Bb3 O-O 11. Rhg1 Na5 12. g4 b5 13. g5 Nxb3+ 14. axb3
Nd7 15. h4 Nc5 16. g6 fxg6 17. h5 b4 18. hxg6 bxc3 19. Qh5 cxb2+ 20. Kb1 hxg6
21. Rxg6 Bf6 22. Rdg1 Rf7 23. Rh6 Kf8 24. Rxf6 gxf6 25. Qh8+ Ke7 26. Rg7 Qd7
27. Rxf7+ Kxf7 28. e5 Bb7 29. Qh7+ Ke8 30. Qh8+ Kf7 31. Qh7+ Ke8 1/2-1/2

[Event "Commonwealth Championship 3rd"]
[Site "Docklands, London"]
[Date "1985.02.26"]
[Round "11"]
[White "Barber, Haydn"]
[Black "Johansen, Darryl Keith"]
[Result "0-1"]
[WhiteElo "2270"]
[BlackElo "2425"]
[Annotator "Johansen,D"]
[PlyCount "272"]
[EventDate "1985.02.16"]
[EventType "swiss"]
[EventRounds "11"]
[EventCountry "ENG"]
[SourceTitle "BritBase"]
[Source "John Saunders"]
[SourceDate "2022.12.30"]
[SourceVersion "1"]
[SourceVersionDate "2022.12.30"]
[SourceQuality "1"]

1. e4 e6 2. d4 d5 3. Nc3 Bb4 4. a3 Bxc3+ 5. bxc3 Ne7 6. Bd3 c5 7. e5 Qa5 8. Qd2
Nbc6 9. Nf3 c4 10. Be2 Qa4 11. O-O Bd7 12. Ne1 O-O-O 13. f4 $6 f5 $11 14. Qd1
Rdg8 15. Be3 Nd8 16. Qd2 h6 17. Nf3 Be8 18. Rfb1 Bh5 19. Rb4 Qd7 20. a4 Nec6
21. Rb5 b6 22. Kh1 Na5 23. Ng1 Bxe2 24. Nxe2 g5 $15 25. Qe1 Rg7 26. Qf2 Nf7 27.
Rbb1 Qe8 28. Rg1 Rhg8 29. g3 Nc6 30. Qe1 Nfd8 31. Qf2 Kb7 32. Qf3 Qg6 33. Rgb1
Kc8 34. Rg1 Kd7 35. Rab1 Qe8 36. Ra1 Nf7 37. Qf2 Kc7 38. Qf3 Nh8 39. Qf2 Qe7
40. Qf3 Ng6 41. Bd2 Kd7 42. Be3 {Whilst the position is unpleasant for White,
he has defended well, shoring up f4. Black now transfers play to the h-file.}
g4 43. Qf1 h5 44. Bf2 h4 $17 45. gxh4 Rh8 46. Rg2 Rgh7 47. Bg3 Nxh4 48. Bxh4
Rxh4 49. Ng3 Rh3 50. Qb1 Qh4 51. Nf1 Rf3 52. a5 Rb8 $2 {Fear of not much
dictated this move being played.} (52... Nxa5 $1 53. Rxa5 (53. Qb4 Kc8) 53...
bxa5 54. Qb7+ Ke8) 53. axb6 Rxb6 54. Qc1 Rb8 $2 (54... Qh6 $19) 55. Qd2 Qh6 56.
Rf2 Rxf2 57. Qxf2 a5 58. Ne3 Kc7 59. Kg1 Ra8 $17 60. Nd1 a4 61. Ne3 a3 62. Kg2
Ra4 63. Nd1 Na7 64. Qf1 Nb5 65. Nb2 axb2 66. Rxa4 Nxc3 67. Rb4 b1=Q 68. Rxb1
Nxb1 69. Qxb1 Qxf4 70. Qa1 Qe3 71. Kf1 Kb6 72. Qb2+ Kc6 73. Qa1 Qf3+ 74. Kg1
Kb5 75. c3 Qe3+ 76. Kf1 Qd3+ 77. Kg1 g3 78. Qb2+ Kc6 79. hxg3 Qxg3+ 80. Kh1
Qf3+ 81. Kh2 Qh5+ 82. Kg2 Qg5+ 83. Kf1 Kd7 84. Qb7+ Ke8 85. Qc7 Qe7 86. Qc8+
Kf7 87. Qh8 Qg5 88. Qh7+ Qg7 89. Qh5+ Qg6 90. Qh4 Qg7 91. Qh5+ Ke7 92. Qh4+ Kd7
93. Qh5 $6 {Gives Black a breather.} f4 $1 94. Qh4 $2 f3 95. Qh3 Qg2+ $1 $19
96. Qxg2 fxg2+ 97. Kxg2 Kc6 98. Kg3 Kb5 99. Kg4 Ka4 100. Kg5 Kb3 101. Kf6 Kxc3
102. Kxe6 Kxd4 103. Kd6 c3 104. e6 c2 105. e7 c1=Q 106. e8=Q {Most queen
endings with a clear extra pawn should be winning. But there is plenty of work
to be done!} Qf4+ 107. Kc6 Qf6+ 108. Kb7 Qe5 109. Qa4+ Ke3 110. Qa3+ Ke4 111.
Qb4+ d4 112. Qe1+ Kd5 113. Qd1 Qe4 114. Ka6 d3 115. Qh5+ Kd4 116. Qh8+ Qe5 (
116... Kc5 117. Qf8+ Kc4 118. Qc8+ Kb3 119. Qd8 Qc4+ 120. Kb6 Kc2) 117. Qd8+
Ke3 118. Qd7 d2 119. Qh3+ Kf2 120. Qh4+ Qg3 121. Qd4+ Ke2 122. Qe4+ Qe3 123.
Qg2+ Kd3 124. Qd5+ Qd4 125. Qb3+ Qc3 126. Qb1+ Qc2 127. Qf1+ Kc3 128. Qf6+ Kb3
129. Qb6+ Ka3 (129... Ka2 130. Qa5+ Kb3 131. Qb6+ Ka3 132. Qd6+ Ka2 133. Qd5+
Ka1 134. Qd4+ $6 Qb2 135. Qg1+ Ka2 136. Qg8+ Qb3 137. Qg2 Qd3+ 138. Kb6 Kb1 {
0-1 is the finish given by 2022 CB Mega Database}) 130. Qd6+ Ka2 131. Qd5+ Ka1
132. Qd4+ $6 Qb2 133. Qg1+ Ka2 134. Qg8+ {When the checks get more and more
"long distance", you know the end is nigh.} Qb3 135. Qg2 Qd3+ 136. Kb6 Kb1 {
Source: Darryl Johansen. Contributed by Paul Summers, 16 February 2023.} 0-1

[Event "Commonwealth Championship 3rd"]
[Site "Docklands, London"]
[Date "1985.02.26"]
[Round "11"]
[White "Davies, Nigel Rodney"]
[Black "Jones, Iolo Cerredig"]
[Result "1/2-1/2"]
[WhiteElo "2355"]
[BlackElo "2250"]
[PlyCount "48"]
[EventDate "1985.02.16"]
[EventType "swiss"]
[EventRounds "11"]
[EventCountry "ENG"]
[SourceTitle "BritBase"]
[Source "John Saunders"]
[SourceDate "2022.12.30"]
[SourceVersion "1"]
[SourceVersionDate "2022.12.30"]
[SourceQuality "1"]

1. Nf3 Nf6 2. g3 d6 3. d4 Nbd7 4. Bg2 e5 5. c4 Be7 6. O-O O-O 7. Nc3 c6 8. b3
Re8 9. Qc2 Bf8 10. dxe5 dxe5 11. Bb2 g6 12. Rad1 Qc7 13. Ng5 Be7 14. Qc1 Nf8
15. Qa1 Nh5 16. Nf3 f6 17. Ne4 Bf5 18. Ne1 Rad8 19. Nd3 Bg4 20. f3 Bf5 21. Nef2
g5 22. e4 Bc8 23. Bh3 Bxh3 24. Nxh3 Ne6 1/2-1/2

[Event "Commonwealth Championship 3rd"]
[Site "Docklands, London"]
[Date "1985.02.26"]
[Round "11"]
[White "Dunnington, Angus J"]
[Black "Vaidya, Arun Bhaskar"]
[Result "1/2-1/2"]
[WhiteElo "2290"]
[BlackElo "2310"]
[PlyCount "54"]
[EventDate "1985.02.16"]
[EventType "swiss"]
[EventRounds "11"]
[EventCountry "ENG"]
[SourceTitle "BritBase"]
[Source "John Saunders"]
[SourceDate "2022.12.30"]
[SourceVersion "1"]
[SourceVersionDate "2022.12.30"]
[SourceQuality "1"]

1. d4 Nf6 2. Nf3 e6 3. Bg5 d5 4. e3 h6 5. Bh4 Be7 6. Nbd2 b6 7. Bd3 Nbd7 8. O-O
Bb7 9. Ne5 Nxe5 10. dxe5 Nd7 11. Bg3 Nc5 12. Bb5+ c6 13. Be2 O-O 14. c3 a5 15.
Qc2 Qc8 16. e4 Ba6 17. c4 Rd8 18. Rfd1 Ra7 19. exd5 cxd5 20. Bf1 Rad7 21. cxd5
Rxd5 22. Nc4 Rxd1 23. Rxd1 Rxd1 24. Qxd1 Bxc4 25. Bxc4 Ne4 26. Qe2 Nxg3 27.
hxg3 Qd8 1/2-1/2

[Event "Commonwealth Championship 3rd"]
[Site "Docklands, London"]
[Date "1985.02.26"]
[Round "11"]
[White "Hodgson, Julian M"]
[Black "Howell, James C"]
[Result "1-0"]
[WhiteElo "2455"]
[BlackElo "2395"]
[PlyCount "53"]
[EventDate "1985.02.16"]
[EventType "swiss"]
[EventRounds "11"]
[EventCountry "ENG"]
[SourceTitle "BritBase"]
[Source "John Saunders"]
[SourceDate "2022.12.30"]
[SourceVersion "1"]
[SourceVersionDate "2022.12.30"]
[SourceQuality "1"]

1. e4 e5 2. Nf3 Nc6 3. Bb5 f5 4. Bxc6 dxc6 5. Nc3 Nf6 6. Qe2 Bd6 7. exf5 Bxf5
8. d3 O-O 9. Bg5 Qd7 10. Bxf6 gxf6 11. O-O-O Bb4 12. Ne4 Qd5 13. c4 Qa5 14. Kb1
Be6 15. g4 Kh8 16. g5 f5 17. Nf6 Bd6 18. Rhe1 e4 19. Nd4 Bf7 20. Nb3 Qa4 21.
Qe3 Rad8 22. dxe4 fxe4 23. Qh3 Bg6 24. Nxh7 Bxh7 25. g6 Rf7 26. Rxe4 Rg8 27.
gxf7 1-0

[Event "Commonwealth Championship 3rd"]
[Site "Docklands, London"]
[Date "1985.02.26"]
[Round "11"]
[White "Jamieson, Peter McKeich"]
[Black "Hebden, Mark L"]
[Result "1/2-1/2"]
[WhiteElo "2315"]
[BlackElo "2480"]
[PlyCount "65"]
[EventDate "1985.02.16"]
[EventType "swiss"]
[EventRounds "11"]
[EventCountry "ENG"]
[SourceTitle "BritBase"]
[Source "John Saunders"]
[SourceDate "2022.12.30"]
[SourceVersion "1"]
[SourceVersionDate "2022.12.30"]
[SourceQuality "1"]

1. e4 e5 2. Nf3 Nc6 3. Bb5 a6 4. Ba4 Nf6 5. O-O Be7 6. Re1 b5 7. Bb3 O-O 8. Nc3
d6 9. Nd5 Na5 10. d4 Nxd5 11. exd5 Bb7 12. dxe5 dxe5 13. Rxe5 Bd6 14. Rg5 c5
15. c4 Nxc4 16. Bxc4 bxc4 17. Bd2 f6 18. Rg4 Bxd5 19. Ba5 Bxf3 20. Qxf3 Qxa5
21. Qd5+ Kh8 22. Qxd6 Rfe8 23. h4 Rad8 24. Qg3 Rd3 25. f3 c3 26. bxc3 Qxc3 27.
Rb1 f5 28. Rg5 Qd4+ 29. Kh2 f4 30. Qg4 Rd2 31. Qh5 Rde2 32. Rxc5 h6 33. Rb6
1/2-1/2